Inorganic Pharmaceutical Chemistry (Record no. 8717)
[ view plain ]
| 000 -LEADER | |
|---|---|
| fixed length control field | 01099nam a22001817a 4500 |
| 003 - CONTROL NUMBER IDENTIFIER | |
| control field | OSt |
| 008 - FIXED-LENGTH DATA ELEMENTS--GENERAL INFORMATION | |
| fixed length control field | 200707b ||||| |||| 00| 0 eng d |
| 020 ## - INTERNATIONAL STANDARD BOOK NUMBER | |
| International Standard Book Number | 9798186270744 |
| 100 ## - MAIN ENTRY--PERSONAL NAME | |
| Personal name | Siddiqui, Anees Ahmad |
| 245 ## - TITLE STATEMENT | |
| Title | Inorganic Pharmaceutical Chemistry |
| 250 ## - EDITION STATEMENT | |
| Edition statement | 1st edition (2013 |
| 260 ## - PUBLICATION, DISTRIBUTION, ETC. (IMPRINT) | |
| Place of publication, distribution, etc | New Delhi |
| Name of publisher, distributor, etc | Birla Publications Pvt. Ltd. |
| 300 ## - PHYSICAL DESCRIPTION | |
| Extent | Pg. 264 |
| 500 ## - GENERAL NOTE | |
| General note | The present book is written to fulfil the requirements of undergraduate students of pharmacy course. The general format of presentation of each chapter includes introduction and experimental procedures. Chemical reactions are mentioned to make the subject simple and understandable. A separate chapter for the preparation of reagents and solution is given. The methods of recording experiments of volumetric analysis and quantitative organic analysis are presented in the Appendix I and Appendix II, respectively. It is hoped that the book will satisfy all the requirements of students concerning chemistry practicals. |
| 650 ## - SUBJECT ADDED ENTRY--TOPICAL TERM | |
| Topical term or geographic name as entry element | Pharmaceutical Inorganic Chemistry |
| 700 ## - ADDED ENTRY--PERSONAL NAME | |
| Personal name | Wani, Sachine.M |
| 942 ## - ADDED ENTRY ELEMENTS (KOHA) | |
| Source of classification or shelving scheme | Dewey Decimal Classification |
| Koha item type | Text Books |
| Withdrawn status | Lost status | Source of classification or shelving scheme | Damaged status | Not for loan | Collection code | Home library | Current library | Date acquired | Source of acquisition | Currency | Cost, normal purchase price | Bill Number | Total Checkouts | Full call number | Acc. no. / Barcode | Date last seen | Date last borrowed | Actual Cost, discounted price | Bill Date | Koha item type |
|---|---|---|---|---|---|---|---|---|---|---|---|---|---|---|---|---|---|---|---|---|
| Dewey Decimal Classification | B.Pharma | PIET C-LIBRARY | PIET C-LIBRARY | 01/02/2020 | Kirti Prakashan | IN Rupees | 350.00 | IN6239 | 3 | 546 SII | BP746 | 02/03/2023 | 15/02/2023 | 234.50 | 01/02/2020 | Reference Books | ||||
| Dewey Decimal Classification | B.Pharma | PIET C-LIBRARY | PIET C-LIBRARY | 01/02/2020 | Kirti Prakashan | IN Rupees | 350.00 | IN6239 | 1 | 546 SII | BP747 | 01/06/2022 | 18/05/2022 | 234.50 | 01/02/2020 | Text Books | ||||
| Dewey Decimal Classification | B.Pharma | PIET C-LIBRARY | PIET C-LIBRARY | 01/02/2020 | Kirti Prakashan | IN Rupees | 350.00 | IN6239 | 7 | 546 SII | BP748 | 28/03/2023 | 14/03/2023 | 234.50 | 01/02/2020 | Text Books |